Vista normal Vista MARC
  • Fernández, Adriana

Entrada Nombre personal

Número de registros utilizados en: 1

001 - NÚMERO DE CONTROL

  • campo de control: 9508

003 - IDENTIFICADOR DE NÚMERO DE CONTROL

  • campo de control: Iste

005 - FECHA Y HORA DE LA ÚLTIMA TRANSACCIÓN

  • campo de control: 20260407172056.0

008 - ELEMENTOS DE DATO DE LONGITUD-FIJA

  • campo de control de longitud fija: 260407|| aca||aabn | a|a d

040 ## - FUENTE DE CATALOGACIÓN

  • Centro catalogador/agencia de origen: Iste
  • Centro/agencia transcriptor: Iste

100 ## - ENCABEZAMIENTO-NOMBRE DE PERSONA

  • Nombre de persona: Fernández, Adriana

670 ## - FUENTE DE DATOS ENCONTRADOS

  • Cita de la fuente: Work cat.: (Iste)1878: Setton, Débora Autor Autor 9502, Nutrición en pediatría:, 2021